000 00860nam a22002417a 4500
999 _c8934
_d8934
003 AR-CdUCM
008 190327b ||||| |||| 00| 0 spa d
020 _a91-631-0736-8
040 _aMUNICIPALIDAD PROVINCIAL DEL CUSCO
_cBIBLIOTECA MUNICIPAL DEL CUSCO
082 _a150 /
_bG216
100 _aGarcia, Camilo
_924807
245 _aEl saber de sí y la conducta del hombre moderno /
260 _aEstocolmo :
_bEdiciones Perspectiva Cultural,
_c2001.
300 _a202 páginas ;
_c21 cm.
500 _aDedicatoria
505 _aContenido: El saber de sí del hombre moderno -- Mimetismo y violencia -- Nietzsche o el valor de la vida -- El proceso de Kafka.
650 _aPsicologia
_91538
650 _aConducta
_95062
650 _aHistoria sociocultural
_924808
700 _aSantos, Marta (portada)
_924809
942 _2ddc
_cLIBROS
945 _adavv